000 00461ngm a2200181 i 4500
001 C2-0322511
003 PPAK
005 20180727221830.0
008 130624s2007 xxu|||| ||||| | vleng d
040 _aPPAK
_beng
_cPPAK
_erda
245 0 0 _aMy word coach
264 1 _aUnited States :
_bUbisoft ,
_c2007
336 _2rdacontent
_atext
337 _2rdamedia
_aunmediated
338 _2rdacarrier
_avolume
500 _aNintendo Wii Game
942 _2ddc
_cDVD
999 _c167376
_d167376